000 00392nam a22001457a 4500
005 20200610094624.0
008 200610b xxu||||| |||| 00| 0 eng d
082 _a345.4, AIR
110 _aALL INDIA REPORTER
_95886
245 _aALL INDIA REPORTER, 2010 (VOL-97) ALLAHABAD SECTION.
260 _aMUMBAI
_bALL INDIA REPORTER,PVT LTD.
300 _a192;p
650 _aLAW
_95701
942 _cJRL
999 _c6948
_d6946